Giáo dục Việt Nam trong thời cận đại
Shranjeno v:
| Glavni avtor: | |
|---|---|
| Format: | Knjiga |
| Jezik: | Vietnamese |
| Izdano: |
Hà Nội
Khoa học xã hội
1994
|
| Teme: | |
| Oznake: |
Označite
Brez oznak, prvi označite!
|
| Thư viện lưu trữ: | Trung tâm Học liệu Lê Vũ Hùng, Trường Đại học Đồng Tháp |
|---|
| LEADER | 00886pam a22002538a 4500 | ||
|---|---|---|---|
| 001 | 00045661 | ||
| 005 | 20200804150802.0 | ||
| 008 | 110812s2008 ||||||viesd | ||
| 020 | # | # | |c 43500 |
| 041 | 0 | # | |a vie |
| 082 | 1 | 4 | |a 370.959 7 |b GI108D |
| 100 | 1 | # | |a Phan, Trọng Báu |
| 245 | 1 | 0 | |a Giáo dục Việt Nam trong thời cận đại |c Phan Trọng Báu |
| 260 | # | # | |a Hà Nội |b Khoa học xã hội |c 1994 |
| 300 | # | # | |a 210 tr. |c 28 cm |
| 500 | # | # | |a Đầu bìa sách ghi: Trung tâm Khoa học xã hội và Nhân văn quốc gia. Viện Sử học |
| 653 | # | # | |a Giáo dục |
| 653 | # | # | |a Lịch sử |
| 653 | # | # | |a Nghiên cứu |
| 653 | # | # | |a Thời cận đại |
| 653 | # | # | |a Việt Nam |
| 852 | # | # | |j KD.0027286 |j KM.0034198 |
| 910 | # | # | |d 4/8/2020 |
| 980 | # | # | |a Trung tâm Học liệu Lê Vũ Hùng, Trường Đại học Đồng Tháp |